<A> crisis in health care.
Panoráma krízy v zabezpečovaní zdravotnej starostlivosti v USA. Riešenia sa hľadajú v zavádzaní systémov Priebežného zlepšovania akosti (CQI) a totálneho riadenia akosti (TQM). Prekážky pre úspešnú aplikáciu TQM v zdravotníctve. Rozdielnosti priemysel-zdravotníctvo a zákazník-pacient. Obhajuje sa už...
Salvato in:
| Autore principale: | |
|---|---|
| Natura: | Capitolo di libro |
| Lingua: | inglese |
| Soggetti: | |
| Tags: |
Nessun Tag, puoi essere il primo ad aggiungerne!!
|
MARC
| LEADER | 00000naa a2200000 4500 | ||
|---|---|---|---|
| 001 | r009230 | ||
| 005 | 20220913122529.7 | ||
| 041 | 0 | |a eng | |
| 044 | |a US | ||
| 245 | 1 | 0 | |a <A> crisis in health care. |c R.A. Fried |
| 520 | |a Panoráma krízy v zabezpečovaní zdravotnej starostlivosti v USA. Riešenia sa hľadajú v zavádzaní systémov Priebežného zlepšovania akosti (CQI) a totálneho riadenia akosti (TQM). Prekážky pre úspešnú aplikáciu TQM v zdravotníctve. Rozdielnosti priemysel-zdravotníctvo a zákazník-pacient. Obhajuje sa užitočnosť TQM pri rešpektovaní špecifík zdravotníctva. Predpoklady úspechu TQM v zdravotníctve. | ||
| 610 | 2 | 0 | |a starostlivosť zdravotná |
| 610 | 2 | 0 | |a TQM |
| 610 | 2 | 0 | |a riadenie kvality |
| 610 | 2 | 0 | |a USA |
| 610 | 2 | 0 | |a zdravotníctvo |
| 610 | 2 | 0 | |a CQI |
| 100 | 1 | |a Fried, R.A. | |